00429nam a2200121Ia 4500008004100000245012000041260003500161260000900196300000800205500001500213650001300228856006600241170516s9999 xx 000 0 und d aEmulsomes: An emerging vesicular drug delivery system Bhawandeep Gill, Jatinder Singh, Vikas Sharma, S L Hari Kumar bAsian Journal of Pharmaceutics c2012 a6:2 aApril-June xPharmacy uhttp://www.asiapharmaceutics.info/index.php/ajp/issue/view/28